000 01153cam a2200301 a 4500
999 _c5921
_d5921
001 13971751
003 GZU
005 20210414102122.0
008 041116s2002 ne ab b 001 0 eng
010 _a 2004414358
020 _a9057270412
035 _a(DLC) 2004414358
040 _aDLC
_cDLC
_dDLC
042 _alcode
043 _af-ug---
050 0 0 _aSF196.U33
_bMUH 2002
100 1 _aMuhereza, E. Frank.
_eauthor
245 1 0 _aPastoral resource competition in Uganda :
_bcase studies into commercial livestock ranching and pastoral institutions /
_cFrank E. Muhereza & Peter O. Otim.
260 _aUtrecht, Netherlands :
_bInternational Books ;
_aAddis Abeba, Ethiopia :
_bOSSREA,
_c2002.
300 _a192 p. :
_bill., maps ;
_c22 cm.
504 _aIncludes bibliographical references (p. [177]-185) and index.
650 0 _aRanching
_zUganda
_zAnkole Region.
650 0 _aPastoral systems
_zUganda
_zKaramoja (Province)
700 1 _aOtim, Peter O.
_eauthor
856 4 1 _3Table of contents
_uhttp://www.loc.gov/catdir/toc/fy054/2004414358.html
906 _a7
_bcbc
_corigode
_d3
_encip
_f20
_gy-gencatlg
942 _2lcc
_cBK
_h196.U33
_iMUH
_kSF